Statistics for U.S. State Trivia by Letter - M

Click here to take the quiz!

General Stats

  • This quiz has been taken 90 times
  • The average score is 25 of 32

Answer Stats

HintAnswer% Correct
The only state with one syllableMaine
99%
State that borders DC to the NorthMaryland
99%
State where Detroit is locatedMichigan
97%
Island that the Empire State Building is onManhattan
96%
State where the Pilgrims landed in 1620Massachusetts
95%
State home to the Gateway ArchMissouri
95%
State where Elvis Presley and Britney Spears were bornMississippi
91%
Celebration in New Orleans; French for "Fat Tuesday"Mardi Gras
89%
City in Tennessee known for blues and soul musicMemphis
88%
State that means "mountain" in SpanishMontana
87%
Large religious group in UtahMormon
87%
St. Paul is its twin cityMinneapolis
85%
Mountain with four Presidents carved in its faceMount Rushmore
85%
Most of America's immigrants have come from this countryMexico
84%
Desert primarily in California and NevadaMojave
84%
Board game based on Atlantic CityMonopoly
84%
Jesse Ventura was once governor of this stateMinnesota
83%
Capital of WisconsinMadison
81%
Name for the border between Delaware and Maryland{Mason}-Dixon Line
81%
Name of the ship that landed on Plymouth RockMayflower
80%
Capital of AlabamaMontgomery
73%
Capital of VermontMontpelier
72%
Largest animal in the deer familyMoose
72%
Music label that recorded Stevie Wonder and the SupremesMotown
72%
Denali's former nameMount McKinley
67%
Home city of the BrewersMilwaukee
65%
Also known as the "Capital of Latin America"Miami
63%
Famous family that feuded with the HatfieldsMcCoys
61%
Famous beach town in South Carolina{Myrtle} Beach
61%
World's longest cave system{Mammoth} Caves
60%
Kentucky Senator who serves as Senate Minority LeaderMitch McConnell
53%
Name of George Washington's estateMount Vernon
41%

Score Distribution

Percentile by Number Answered

Percent of People with Each Score

Your Score History

You have not taken this quiz